000 01094nas a2200361 4500
001 BR2011002781
003 BR-BrBNA
005 20231205114952.0
007 ta
008 230509b bl.|||p| |||| 00| 00por d
040 _aBR-BrBNA
_bpor
_cBiblioteca Nacional de Agricultura
041 _a(Pt)
072 _aL74; L53
100 1 _aSantos, R.S.
100 1 _aHartwig, F.P.
100 1 _aAmaral, L.A.
100 1 _aBianchi, I.
100 1 _aNogueira, C.E.W.
245 1 _aUso do Fertagyl (Gonadorelina)e Chorulon (hCG)no diagnóstico e tratamento de garanhão com degeneração testicular- estudo de caso controle
650 _aCAVALO
650 _aGARANHÃO
650 _aDIAGNÓSTICO
650 _aMEDICAMENTO
650 _aTESTÍCULO
650 _aDISTÚRBIO ANIMAL
650 _aESTERELIDADE
650 _aREPRODUÇÃO ANIMAL
650 _aESPERMATOGÊNESE
650 _aTRATAMENTO
773 0 _tHora Veterinária (Brazil)
_xISSN 0101-9163
_g(Sep-Oct 2010), v. 30 (177) p. 9-13
_wBR2011002781
909 _a202311
_bLúcia
_c55
_dLúcia Elande
942 _2AGRIS
_n0
_cANA
999 _c211473
_d211473